Cómo se comenta un texto coloquial?

में बचाया:
ग्रंथसूची विवरण
मुख्य लेखक: Briz Gómez, Antonio (लेखक)
स्वरूप: पुस्तक
भाषा:स्पेनिश
प्रकाशित: Barcelona Ariel 2000
श्रृंखला:Ariel Practicum
विषय:
टैग: टैग जोड़ें
कोई टैग नहीं, इस रिकॉर्ड को टैग करने वाले पहले व्यक्ति बनें!

MARC

LEADER 00000nam a2200000 a 4500
001 UCO9805
003 CL-VaPUC
008 010309e20000000SP |||||||||||||||||spa|d
020 |a 8434428571 
082 0 4 |a 401.41  |b BRI  |2 21 
100 0 |a Briz Gómez, Antonio  |e author  |9 454936 
245 1 0 |a Cómo se comenta un texto coloquial? 
300 |a 313 p 
942 |c BK 
945 |d 20010309 00:00:00  |a cmena 
260 |a Barcelona  |b Ariel  |c 2000 
650 0 |a Análisis del discurso  |9 256696 
650 0 |a Comunicación oral  |9 307769 
650 0 |a Semántica  |9 265318 
650 0 |a Sociolingüística  |9 263716 
583 |a last modification  |c 20010309 00:00:00  |k Rodrigo Vera 
490 0 |a Ariel Practicum 
999 |c 293828  |d 293826 
952 |0 0  |1 0  |4 0  |6 401_410000000000000_BRI_2000  |7 0  |8 A  |9 345565  |a FDOPOS  |b FDOPOS  |d 2019-11-20  |i 369545K  |o 401.41 BRI 2000  |p 369545K  |r 2025-01-22  |w 2019-11-20  |y BK  |k MLA 
952 |0 0  |1 0  |4 0  |6 401_410000000000000_BRI_2000  |7 0  |8 A  |9 345566  |a FDOPOS  |b FDOPOS  |d 2019-11-20  |i 4087631  |o 401.41 BRI 2000  |p 4087631  |r 2025-01-22  |w 2019-11-20  |y BK  |k MLA